Statistics for All 50k+ Cities in Romania with a Map

Click here to take the quiz!

General Stats

  • This quiz has been taken 3,848 times
  • The average score is 22 of 41

Answers on the Map

Answers color-coded by a green-red scale on the quiz's map according to % correct below.
 

Answer Stats

PopulationCity% Correct
1,883,425Bucharest
99%
324,576Cluj-Napoca
92%
283,872Constanța
90%
319,279Timișoara
87%
290,422Iași
84%
253,200Brașov
80%
269,506Craiova
72%
159,074Arad
70%
249,432Galați
69%
196,367Oradea
66%
147,245Sibiu
66%
209,945Ploiești
64%
102,411Satu Mare
63%
155,383Pitești
60%
92,121Suceava
58%
123,738Baia Mare
57%
180,302Brăila
57%
73,707Tulcea
57%
144,307Bacău
56%
106,847Botoșani
55%
134,290Târgu Mureș
55%
115,494Buzău
52%
63,536Alba Iulia
49%
61,353Giurgiu
48%
55,407Vaslui
48%
92,617Drobeta-Turnu Severin
43%
61,123Deva
42%
60,525Hunedoara
42%
85,055Piatra Neamț
42%
75,076Bistrița
41%
65,181Călărași
41%
79,610Târgoviște
40%
82,504Târgu Jiu
39%
79,315Focșani
36%
56,202Zalău
36%
98,776Râmnicu Vâlcea
34%
73,282Reșița
31%
56,006Sfântu Gheorghe
31%
70,293Slatina
31%
55,837Bârlad
27%
50,713Roman
26%

Score Distribution

Percentile by Number Answered

Percent of People with Each Score

Your Score History

You have not taken this quiz